000 00525 a2200229 4500
260 _aParis
630 _a57 - Biologie
037 _b1, Achat
650 _a5 - SCIENCES EXACTES ET NATURELLES
100 _aYon, Jeannine
260 _bHermann
245 _aStructure et dynamique conformationnelle des protéines
300 _a317 p.
650 _aBiologie moléculaire
260 _c1969
300 _b22cm
100 _lFr
440 _aCollection Méthodes
037 _a6651
999 _c41642
_d41642